ట తో మొదలయ్యే పదాలు - Statistics

General Stats
  • This quiz has been taken 33 times
  • The average score is 6 of 13
Answer Stats
వివరణ పదం % Correct
మాటలు వినిపించే చలనచిత్రం టాకీ
79%
తలపై వేసుకున్నది టోపీ
79%
కొబ్బరికాయ టెంకాయ
79%
రోగాల పోరాట నేర్పే బలహీనమైన రోగక్రిమిలున్న మందు టీకా
61%
తెలివి, సాధారణంగా దొంగలని ఇది అంటారు టక్కరి
61%
పంపిన లేఖలు, ఉత్తరాలు టపా
54%
ఒక రకమైన గెట్టి చెక్క టేకు
54%
గురువు టీచరు
43%
ఒక ఎఱ్ఱ పండు, తక్కాళీ టమోటా
39%
అపరాహ్ణం/మధ్యాహ్నము తిన్నె భోజనము టిఫిను
25%
పదాలు మధ్యలో "ట" పెట్టే సంధి టుగాగమసంధి
14%
డబ్బులు తయ్యరుచేసే చోటు టంకశాల
7%
వంకర టొంకు
4%
No matching quizzes found
Score Distribution
Percent of People with Each Score
Percentile by Number Answered
Your Score History
You have not taken this quiz